[Event "Gibtelecom ChallWk2 6th"]
[Site "Gibraltar"]
[Date "2008.01.29"]
[Round "3.24"]
[White "Lovik, Lasse Ostebo"]
[Black "Jorgensen, Line Jin"]
[Result "1-0"]
[WhiteElo "2052"]
[BlackElo "1867"]
[PlyCount "101"]
[EventDate "2008.01.27"]
[EventType "swiss"]
[EventRounds "5"]
[EventCountry "GGB"]
[SourceTitle "BritBase"]
[Source "www.saund.co.uk"]
[SourceDate "2018.02.10"]
[SourceVersion "1"]
[SourceVersionDate "2018.02.10"]
[SourceQuality "1"]

1. e4 c5 2. Nf3 d6 3. d4 cxd4 4. Nxd4 Nf6 5. Nc3 e6 6. g4 a6 7. g5 Nfd7 8. a4
Nc6 9. Be3 Be7 10. h4 Qa5 11. Bc4 Nxd4 12. Qxd4 Ne5 13. Be2 Rg8 14. f4 Nc6 15.
Qd2 b5 16. Nd1 Qxd2+ 17. Kxd2 b4 18. c4 Bb7 19. Bb6 e5 20. Ke3 exf4+ 21. Kxf4
Ne5 22. b3 f5 23. Nf2 fxe4 24. Nxe4 Rf8+ 25. Ke3 Nd7 26. Bd4 Nc5 27. Nxc5 dxc5
28. Bxg7 Rf7 29. Bh5 Bxh1 30. Rxh1 Ra7 31. Rf1 Bd6 32. Ke4 Bg3 33. Kd5 Bxh4 34.
Rxf7 Rxf7 35. Ke6 Bxg5 36. Bxf7+ Kd8 37. Bf8 Kc7 38. a5 h5 39. Bxh5 Kc6 40.
Be8+ Kc7 41. Bxc5 Bd2 42. Bb6+ Kc8 43. Kd6 Bh6 44. Kc6 Bf4 45. Bh5 Kb8 46. c5
Ka8 47. Be2 Be3 48. Bxa6 Bf4 49. Bb7+ Kb8 50. a6 Bc7 51. a7# 1-0

[Event "Gibtelecom ChallWk2 6th"]
[Site "Gibraltar"]
[Date "2008.01.29"]
[Round "3.25"]
[White "Hagen, Anders Gjerdrum"]
[Black "Whitfield, Craig M"]
[Result "0-1"]
[WhiteElo "2049"]
[BlackElo "1728"]
[PlyCount "72"]
[EventDate "2008.01.27"]
[EventType "swiss"]
[EventRounds "5"]
[EventCountry "GGB"]
[SourceTitle "BritBase"]
[Source "www.saund.co.uk"]
[SourceDate "2018.02.10"]
[SourceVersion "1"]
[SourceVersionDate "2018.02.10"]
[SourceQuality "1"]

1. d4 Nf6 2. c4 g6 3. Nc3 Bg7 4. e4 d6 5. Nf3 O-O 6. Be2 e5 7. d5 a5 8. Bg5 h6
9. Bh4 g5 10. Bg3 Nh5 11. Nd2 Nf4 12. Bf3 Nd3+ 13. Kf1 Nd7 14. h4 f6 15. Rb1
Nf4 16. Bg4 Nc5 17. Bf5 Bxf5 18. exf5 Qd7 19. Bxf4 exf4 20. Qg4 Rfe8 21. b3 Re7
{(=)} 22. Nf3 Ne4 23. Nxe4 Rxe4 24. Qh3 Qe7 25. Nd2 Re2 26. Qd3 Re8 27. Kg1 g4
28. a4 h5 29. f3 Bh6 30. Ne4 gxf3 31. Nf2 Qe3 32. Qxe3 fxe3 33. Nd3 Rxg2+ 34.
Kf1 e2+ 35. Ke1 Bd2+ 36. Kxd2 e1=Q# 0-1

[Event "Gibtelecom ChallWk2 6th"]
[Site "Gibraltar"]
[Date "2008.01.29"]
[Round "3.26"]
[White "Gandrud, Vegar Koi"]
[Black "Strand, Haakon"]
[Result "0-1"]
[WhiteElo "1819"]
[BlackElo "2045"]
[PlyCount "136"]
[EventDate "2008.01.27"]
[EventType "swiss"]
[EventRounds "5"]
[EventCountry "GGB"]
[SourceTitle "BritBase"]
[Source "www.saund.co.uk"]
[SourceDate "2018.02.10"]
[SourceVersion "1"]
[SourceVersionDate "2018.02.10"]
[SourceQuality "1"]

1. d4 d5 2. c4 Nc6 3. e3 e5 4. dxe5 d4 5. exd4 Qxd4 6. Qxd4 Nxd4 7. Bd3 Bg4 8.
f3 Be6 9. Na3 O-O-O 10. Be4 Bxa3 11. bxa3 Bxc4 12. Rb1 b6 13. Rb4 Bxa2 14. Be3
Ne6 15. Ne2 Bd5 16. Bc2 Ne7 17. Nc3 Bb7 18. Kf2 Nc6 19. Rbb1 Nxe5 20. Bf5 Rhe8
21. a4 Kb8 22. a5 Nc4 23. axb6 axb6 24. Bxe6 Rxe6 25. Bf4 Ne5 26. Rhd1 Rxd1 27.
Rxd1 Bc6 28. Kg1 Kc8 29. Bg3 Re7 30. Rd4 f6 31. Rd1 Rd7 32. Re1 Nf7 33. Re8+
Kb7 34. Re3 Nd6 35. Re1 Nf5 36. Bf2 Rd3 37. Rc1 Nd4 38. Kf1 Nb3 39. Rc2 Rd2 40.
Rxd2 Nxd2+ 41. Ke1 Nc4 42. Bd4 Ne5 43. Kf2 Ka6 44. Ne2 Bd7 45. Ng3 c5 46. Ba1
b5 47. Nh5 b4 48. Nxg7 c4 49. Ke2 c3 50. Nh5 Bb5+ 51. Ke3 Nc4+ 52. Ke2 c2 53.
Bb2 Nxb2+ 54. Kd2 Ba4 55. Nf4 Nc4+ 56. Kc1 Ne5 57. Kb2 b3 58. h4 f5 59. Kc1 Bb5
60. g4 Nd3+ 61. Nxd3 Bxd3 62. g5 f4 63. h5 Kb5 64. Kb2 Kc4 65. h6 c1=Q+ 66.
Kxc1 Kc3 67. g6 b2+ 68. Kd1 b1=Q# 0-1

[Event "Gibtelecom ChallWk2 6th"]
[Site "Gibraltar"]
[Date "2008.01.29"]
[Round "3.27"]
[White "Georgieva, Emilia"]
[Black "Urbina Perez, Juan Antonio"]
[Result "1/2-1/2"]
[WhiteElo "1985"]
[BlackElo "2241"]
[PlyCount "41"]
[EventDate "2008.01.27"]
[EventType "swiss"]
[EventRounds "5"]
[EventCountry "GGB"]
[SourceTitle "BritBase"]
[Source "www.saund.co.uk"]
[SourceDate "2018.02.10"]
[SourceVersion "1"]
[SourceVersionDate "2018.02.10"]
[SourceQuality "1"]

1. d4 Nf6 2. Nf3 e6 3. Bg5 h6 4. Bh4 c5 5. c3 Qb6 6. Qb3 Qxb3 7. axb3 Nc6 8. e3
d6 9. Bxf6 gxf6 10. Nbd2 Rg8 11. g3 Be7 12. Bg2 f5 13. Nc4 cxd4 14. Nxd4 Nxd4
15. exd4 Kd8 16. Nb6 Rb8 17. Rxa7 Kc7 18. Na8+ Kd7 19. Nb6+ Kc7 20. Na8+ Kd7
21. Nb6+ 1/2-1/2

[Event "Gibtelecom ChallWk2 6th"]
[Site "Gibraltar"]
[Date "2008.01.29"]
[Round "3.28"]
[White "Skage, Oystein Aagedal"]
[Black "Vinas Guerrero, Carlos A"]
[Result "0-1"]
[WhiteElo "1919"]
[BlackElo "2129"]
[PlyCount "70"]
[EventDate "2008.01.27"]
[EventType "swiss"]
[EventRounds "5"]
[EventCountry "GGB"]
[SourceTitle "BritBase"]
[Source "www.saund.co.uk"]
[SourceDate "2018.02.10"]
[SourceVersion "1"]
[SourceVersionDate "2018.02.10"]
[SourceQuality "1"]

1. e4 c5 2. Nf3 e6 3. d4 cxd4 4. Nxd4 Nc6 5. Nc3 a6 6. Be3 Nf6 7. Bd3 Qc7 8.
O-O b5 9. a3 Ne5 10. Qe2 Nc4 11. Nf3 Nxe3 12. Qxe3 Bc5 13. Qg5 Kf8 14. e5 Ne8
15. Ne4 Be7 16. Qf4 f5 17. g4 g6 18. Qh6+ Kg8 19. gxf5 exf5 20. Nf6+ Nxf6 21.
exf6 Bxf6 22. Bxf5 Bb7 23. Bg4 Bg7 24. Qh3 {(=)} Qf4 25. Ne1 h5 26. Bxd7 Rd8
27. Be6+ Kh7 28. Bb3 Bxb2 29. Ra2 Be5 30. Ng2 Qf6 31. f4 Rhf8 32. f5 Rd2 33. c3
Bxg2 34. fxg6+ Qxg6 35. Bc2 Rxf1# 0-1

[Event "Gibtelecom ChallWk2 6th"]
[Site "Gibraltar"]
[Date "2008.01.29"]
[Round "3.29"]
[White "Hassall, Mark Ian"]
[Black "Gasik, Piotr"]
[Result "0-1"]
[WhiteElo "1896"]
[BlackElo "2103"]
[PlyCount "78"]
[EventDate "2008.01.27"]
[EventType "swiss"]
[EventRounds "5"]
[EventCountry "GGB"]
[SourceTitle "BritBase"]
[Source "www.saund.co.uk"]
[SourceDate "2018.02.10"]
[SourceVersion "1"]
[SourceVersionDate "2018.02.10"]
[SourceQuality "1"]

1. e4 c5 2. Nf3 e6 3. d4 cxd4 4. Nxd4 a6 5. Nc3 Qc7 6. Be3 Nf6 7. a3 Be7 8. Be2
O-O 9. f4 d6 10. O-O Nbd7 11. Bf3 Re8 12. Qe1 Bf8 13. Qg3 Kh8 14. Rad1 Nb6 15.
Kh1 Nc4 16. Bc1 Nxa3 17. e5 Ng8 18. exd6 Bxd6 19. Ne4 Nc4 20. b3 e5 21. bxc4
exd4 22. Rxd4 Bf8 23. Bb2 Nh6 24. Rd5 Qxc4 25. Rfd1 Be6 26. Nd6 Qxc2 27. R5d2
Qc7 28. Bxb7 Red8 29. Bxa8 Rxa8 30. Qg5 f6 31. Bxf6 Bb3 32. Re1 gxf6 33. Qxf6+
Bg7 34. Qg5 Qc3 35. Rde2 Qf6 36. Qc5 Qxf4 37. Ne8 Ng4 38. g3 Qf3+ 39. Kg1 Bd5
0-1

[Event "Gibtelecom ChallWk2 6th"]
[Site "Gibraltar"]
[Date "2008.01.29"]
[Round "3.30"]
[White "Wynarczyk, Raymond"]
[Black "Pettersson, Anders"]
[Result "0-1"]
[WhiteElo "2039"]
[BlackElo "1984"]
[PlyCount "48"]
[EventDate "2008.01.27"]
[EventType "swiss"]
[EventRounds "5"]
[EventCountry "GGB"]
[SourceTitle "BritBase"]
[Source "www.saund.co.uk"]
[SourceDate "2018.02.10"]
[SourceVersion "1"]
[SourceVersionDate "2018.02.10"]
[SourceQuality "1"]

1. e4 c5 2. Nf3 g6 3. d4 cxd4 4. Nxd4 Nc6 5. Nc3 Bg7 6. Be3 Nf6 7. Bc4 O-O 8.
Bb3 d6 9. f3 Na5 10. g4 Nxb3 11. Nxb3 a5 12. a4 Bd7 13. Qd2 Re8 14. h4 h5 15.
gxh5 Nxh5 16. O-O-O b5 17. axb5 a4 18. Nd4 a3 19. bxa3 Rxa3 20. Kb2 Qa5 21. Ra1
Qb4+ 22. Nb3 Rc8 23. Bd4 Bxd4 24. Qxd4 Rxb3+ 0-1

[Event "Gibtelecom ChallWk2 6th"]
[Site "Gibraltar"]
[Date "2008.01.29"]
[Round "3.31"]
[White "Munz, Jostein"]
[Black "Gasik, Jadwiga"]
[Result "0-1"]
[WhiteElo "1861"]
[BlackElo "2032"]
[PlyCount "168"]
[EventDate "2008.01.27"]
[EventType "swiss"]
[EventRounds "5"]
[EventCountry "GGB"]
[SourceTitle "BritBase"]
[Source "www.saund.co.uk"]
[SourceDate "2018.02.10"]
[SourceVersion "1"]
[SourceVersionDate "2018.02.10"]
[SourceQuality "1"]

1. e4 c6 2. d4 d5 3. exd5 cxd5 4. c4 Nf6 5. Nc3 g6 6. Nf3 Bg7 7. cxd5 O-O 8.
Bc4 Nbd7 9. O-O Nb6 10. Bd3 Nbxd5 11. Bg5 h6 12. Bh4 Nb4 13. Be2 Bf5 14. Rc1
Re8 15. a3 Nbd5 16. Ne5 Nb6 17. Nf3 Nfd5 18. Bd3 Bxd3 19. Qxd3 Nf4 20. Qd2 Ne6
21. Rfd1 Nc4 22. Qe2 Rc8 23. Nb5 Nf4 24. Qe4 Qb6 25. Nxa7 Qxa7 26. Qxf4 Nxb2
27. Rxc8 Rxc8 28. Ra1 b5 29. Qe3 e6 30. h3 Nc4 31. Qc3 Nd6 32. Qb4 Nf5 33. Rd1
Qa4 34. Rb1 Nxh4 35. Nxh4 Bxd4 36. Qxb5 Qxa3 37. Nf3 Rc1+ 38. Rxc1 Qxc1+ 39.
Qf1 Bb2 40. Qxc1 Bxc1 41. Kf1 Kg7 42. Ke2 f5 43. Nd4 e5 44. Nb3 Bb2 45. f3 Kf6
46. Nc5 Ba3 47. Nd3 Ke6 48. Nf2 Kd5 49. Kd3 Bc5 50. Nd1 e4+ 51. fxe4+ fxe4+ 52.
Ke2 Ke5 53. Nc3 Bd4 54. Nb5 Bb6 55. Na3 Kf4 56. Nc4 Bd4 57. Kf1 h5 58. Ke2 Kg3
59. Kf1 e3 60. Nd6 e2+ 61. Kxe2 Kxg2 62. Ne4 Kxh3 63. Kf3 Bb2 64. Nf2+ Kh4 65.
Kg2 g5 66. Ne4 g4 67. Kh2 Be5+ 68. Kg2 Bf4 69. Nf2 Kg5 70. Ne4+ Kf5 71. Nf2 Bc7
72. Kf1 g3 73. Kg2 h4 74. Nd3 Kg4 75. Nf2+ Kf4 76. Nh3+ Ke3 77. Ng5 Bd8 78. Nf3
{(=)} Bf6 79. Ng1 Be5 80. Nf3 h3+ 81. Kxh3 Kxf3 82. Kh4 g2 83. Kh3 g1=Q 84. Kh4
Qg4# 0-1

[Event "Gibtelecom ChallWk2 6th"]
[Site "Gibraltar"]
[Date "2008.01.29"]
[Round "3.32"]
[White "Mundaca Alvarez, Juan Carlos"]
[Black "Reppen, Ellisiv"]
[Result "1/2-1/2"]
[WhiteElo "2162"]
[BlackElo "1918"]
[PlyCount "59"]
[EventDate "2008.01.27"]
[EventType "swiss"]
[EventRounds "5"]
[EventCountry "GGB"]
[SourceTitle "BritBase"]
[Source "www.saund.co.uk"]
[SourceDate "2018.02.10"]
[SourceVersion "1"]
[SourceVersionDate "2018.02.10"]
[SourceQuality "1"]

1. d4 d5 2. Nf3 Nf6 3. Bg5 e6 4. e3 c5 5. c3 b6 6. Nbd2 Be7 7. Ne5 O-O 8. Bd3
h6 9. Bh4 Nfd7 10. Bxe7 Qxe7 11. f4 Nxe5 12. fxe5 Ba6 13. Nf3 Bxd3 14. Qxd3 Nd7
15. O-O f5 16. exf6 Rxf6 17. e4 cxd4 18. cxd4 dxe4 19. Qxe4 Raf8 20. Rac1 Qb4
21. Qc6 Nb8 22. Qc3 Qb5 23. Rfe1 Qf5 24. Qe3 Qd5 25. b3 Nc6 26. Qe4 Qxe4 27.
Rxe4 Nb4 28. a3 Nd5 29. Rce1 Re8 30. Ne5 1/2-1/2

[Event "Gibtelecom ChallWk2 6th"]
[Site "Gibraltar"]
[Date "2008.01.29"]
[Round "3.33"]
[White "Campeanu, Alin-Vivian"]
[Black "Bryn, Askild"]
[Result "1/2-1/2"]
[WhiteElo "1912"]
[BlackElo "1997"]
[PlyCount "54"]
[EventDate "2008.01.27"]
[EventType "swiss"]
[EventRounds "5"]
[EventCountry "GGB"]
[SourceTitle "BritBase"]
[Source "www.saund.co.uk"]
[SourceDate "2018.02.10"]
[SourceVersion "1"]
[SourceVersionDate "2018.02.10"]
[SourceQuality "1"]

1. e4 c6 2. d4 d5 3. e5 c5 4. dxc5 Qa5+ 5. Nc3 e6 6. Be3 Bxc5 7. Bxc5 Qxc5 8.
Qg4 Kf8 9. O-O-O Nc6 10. f4 Nge7 11. Bd3 Bd7 12. Qe2 Rc8 13. Nf3 a6 14. g4 Nb4
15. Kb1 b5 16. Rd2 Nxd3 17. Qxd3 b4 18. Nd1 Bb5 19. Qd4 h5 20. g5 g6 21. Ne3
Kg7 22. Qxc5 Rxc5 23. Nd4 Rhc8 24. h4 Bd7 25. Nb3 Rb5 26. Nd4 Rbc5 27. Nb3 Rb5
1/2-1/2

[Event "Gibtelecom ChallWk2 6th"]
[Site "Gibraltar"]
[Date "2008.01.29"]
[Round "3.34"]
[White "Edvardsen, Ingar"]
[Black "Yarur Elsaca, Daniel"]
[Result "1-0"]
[WhiteElo "1972"]
[BlackElo "1846"]
[PlyCount "89"]
[EventDate "2008.01.27"]
[EventType "swiss"]
[EventRounds "5"]
[EventCountry "GGB"]
[SourceTitle "BritBase"]
[Source "www.saund.co.uk"]
[SourceDate "2018.02.10"]
[SourceVersion "1"]
[SourceVersionDate "2018.02.10"]
[SourceQuality "1"]

1. e4 e5 2. Nf3 d6 3. Bc4 Be7 4. O-O Nf6 5. d3 O-O 6. h3 Nc6 7. c3 Na5 8. Bb3
Nxb3 9. Qxb3 b6 10. Re1 a5 11. d4 a4 12. Qc2 Nd7 13. g4 Bh4 14. Nbd2 b5 15. Nf1
Bb7 16. g5 f6 17. Nxh4 fxg5 18. Ng2 Qf6 19. Be3 c5 20. d5 Qf3 21. Bxg5 Nf6 22.
Re3 Qh5 23. Rg3 Bc8 24. Bxf6 Rxf6 25. h4 h6 26. Nfe3 g6 27. Qd1 Qxd1+ 28. Rxd1
Bd7 29. Ng4 Bxg4 30. Rxg4 Raf8 31. Rd2 Kg7 32. h5 g5 33. Nh4 b4 34. Nf5+ Kf7
35. cxb4 cxb4 36. Rc2 Kg8 37. Rc7 Kh8 38. Rg3 Ra8 39. a3 Rb8 40. axb4 Rxb4 41.
Rgc3 Rf8 42. Rd7 Rxb2 43. Rcc7 Rfb8 44. Rh7+ Kg8 45. Nxh6+ 1-0

[Event "Gibtelecom ChallWk2 6th"]
[Site "Gibraltar"]
[Date "2008.01.29"]
[Round "3.35"]
[White "Manetto, Luis"]
[Black "Blom, Martijn"]
[Result "1-0"]
[WhiteElo "1592"]
[BlackElo "1946"]
[PlyCount "97"]
[EventDate "2008.01.27"]
[EventType "swiss"]
[EventRounds "5"]
[EventCountry "GGB"]
[SourceTitle "BritBase"]
[Source "www.saund.co.uk"]
[SourceDate "2018.02.10"]
[SourceVersion "1"]
[SourceVersionDate "2018.02.10"]
[SourceQuality "1"]

1. e4 e6 2. d4 d5 3. Nc3 Nf6 4. e5 Nfd7 5. Nf3 c5 6. Bb5 Nc6 7. O-O Be7 8. Be3
O-O 9. Ne2 Qb6 10. Bxc6 bxc6 11. Rb1 cxd4 12. Nexd4 c5 13. Ne2 Qc7 14. Bf4 Ba6
15. Re1 Rab8 16. Ng3 Nb6 17. b3 c4 18. Ng5 Nd7 19. Qh5 Bxg5 20. Qxg5 Qd8 21.
Qh5 Rb6 22. Re3 f5 23. Bg5 Qe8 24. Qh4 Qf7 25. Nh5 d4 26. Rg3 Nxe5 27. Nf6+
gxf6 28. Bxf6+ Ng6 29. Bxd4 Rb5 30. Qf4 Re8 31. Re1 cxb3 32. axb3 Rd5 33. h4
Kf8 34. Qh6+ Ke7 35. h5 Rxd4 36. hxg6 hxg6 37. Rxg6 Rd6 38. Rg7 Rf8 39. Rxf7+
Rxf7 40. Qe3 Rb6 41. Qc5+ Kf6 42. f4 Rg7 43. Qe5+ Kf7 44. Rd1 Kg6 45. Rd6 Rxd6
46. Qxd6 Bc8 47. c4 Kf6 48. b4 Bb7 49. Qf8+ 1-0

[Event "Gibtelecom ChallWk2 6th"]
[Site "Gibraltar"]
[Date "2008.01.30"]
[Round "4.1"]
[White "Kozlov, Oleg"]
[Black "Havik, Victor"]
[Result "1-0"]
[WhiteElo "2144"]
[BlackElo "2072"]
[PlyCount "78"]
[EventDate "2008.01.27"]
[EventType "swiss"]
[EventRounds "5"]
[EventCountry "GGB"]
[SourceTitle "BritBase"]
[Source "www.saund.co.uk"]
[SourceDate "2018.02.10"]
[SourceVersion "1"]
[SourceVersionDate "2018.02.10"]
[SourceQuality "1"]

1. Nf3 Nf6 2. d4 e6 3. g3 d5 4. Bg2 Be7 5. O-O O-O 6. c4 dxc4 7. Qc2 a6 8. a4
c5 9. Rd1 Nc6 10. dxc5 Qa5 11. Na3 Bxc5 12. Nxc4 Qc7 13. Bf4 Qe7 14. Nd6 Bb4
15. Ne5 Nxe5 16. Bxe5 Nd7 17. Qe4 a5 18. Bf4 e5 19. Nxc8 Raxc8 20. Bh3 exf4 21.
Qxe7 Bxe7 22. Rxd7 Bb4 23. gxf4 Rfd8 24. Rad1 Rxd7 25. Rxd7 Rb8 26. Bg2 b6 27.
Bd5 Rf8 28. f5 g6 29. f6 Bc5 30. e3 h6 31. h4 Bb4 32. Bb3 Bc5 33. Kg2 Bb4 34.
Bc4 Bc5 35. Bd5 Bb4 36. Bb3 Bc5 37. Rb7 g5 38. hxg5 hxg5 39. Kf3 Rd8 1-0

[Event "Gibtelecom ChallWk2 6th"]
[Site "Gibraltar"]
[Date "2008.01.30"]
[Round "4.2"]
[White "Schmidt, Raul"]
[Black "Rosberg, Simon"]
[Result "1-0"]
[WhiteElo "2160"]
[BlackElo "2246"]
[PlyCount "135"]
[EventDate "2008.01.27"]
[EventType "swiss"]
[EventRounds "5"]
[EventCountry "GGB"]
[SourceTitle "BritBase"]
[Source "www.saund.co.uk"]
[SourceDate "2018.02.10"]
[SourceVersion "1"]
[SourceVersionDate "2018.02.10"]
[SourceQuality "1"]

1. Nf3 Nf6 2. b3 b6 3. e3 e6 4. d4 Bb7 5. Bd3 Be7 6. Nbd2 c5 7. O-O d6 8. Bb2
O-O 9. c4 Nbd7 10. Rc1 Qc7 11. Bb1 Rad8 12. Qc2 Qb8 13. Ng5 g6 14. dxc5 bxc5
15. Qc3 d5 16. Ngf3 Rfe8 17. Rfd1 Bf8 18. Ne5 d4 19. exd4 cxd4 20. Qxd4 Nxe5
21. Qxe5 Qxe5 22. Bxe5 Ng4 23. Bf4 Bc5 24. Bg3 Ne3 25. fxe3 Bxe3+ 26. Bf2 Bxd2
27. Rc2 Bb4 28. Rcc1 Ba3 29. Bh4 Bxc1 30. Bxd8 Be3+ 31. Kf1 e5 32. Bh4 e4 33.
Rd7 Bc8 34. Rc7 Bb6 35. Re7 Rxe7 36. Bxe7 f5 37. Bc2 Kf7 38. Bg5 Ke6 39. Ke2
Ke5 40. g3 Kd4 41. Bf6+ Kc5 42. Be7+ Kc6 43. b4 Bg1 44. Ba4+ Kc7 45. h4 Be6 46.
Bb5 Bd4 47. a4 Bc8 48. c5 Be5 49. Kf2 Bd7 50. Bc4 Bxa4 51. Bg8 Kd7 52. Bg5 Bc3
53. Bxh7 Bxb4 54. Be3 Ke6 55. Bxg6 Kf6 56. Bh5 Bc6 57. Bd4+ Ke6 58. Bg6 Kd5 59.
Ke3 Bxc5 60. Bf7+ Kd6 61. Bxc5+ Kxc5 62. h5 f4+ 63. gxf4 Bd7 64. Kxe4 Ba4 65.
Ke5 Bc2 66. f5 a5 67. h6 a4 68. h7 1-0

[Event "Gibtelecom ChallWk2 6th"]
[Site "Gibraltar"]
[Date "2008.01.30"]
[Round "4.3"]
[White "Suez-Panama, Gilles"]
[Black "Molina, Antonio"]
[Result "0-1"]
[WhiteElo "2099"]
[BlackElo "2189"]
[PlyCount "115"]
[EventDate "2008.01.27"]
[EventType "swiss"]
[EventRounds "5"]
[EventCountry "GGB"]
[SourceTitle "BritBase"]
[Source "www.saund.co.uk"]
[SourceDate "2018.02.10"]
[SourceVersion "1"]
[SourceVersionDate "2018.02.10"]
[SourceQuality "1"]

1. f4 Nf6 2. Nf3 g6 3. e3 Bg7 4. d4 d6 5. Bc4 O-O 6. O-O c5 7. c3 Qc7 8. d5 e6
9. dxe6 Bxe6 10. Bxe6 fxe6 11. Ng5 Re8 12. Nd2 d5 13. Qe1 h6 14. Ngf3 Nc6 15.
Qg3 Kh7 16. Nh4 Qf7 17. Ndf3 Ne4 18. Qh3 Rf8 19. g4 Kg8 20. Bd2 b5 21. Rad1 a5
22. Bc1 b4 23. Ne5 Bxe5 24. fxe5 Qg7 25. c4 Ne7 26. cxd5 exd5 27. Nf3 a4 28.
Qg2 Rfb8 29. Nd2 Nxd2 30. Rxd2 Qxe5 31. e4 dxe4 32. Re2 Qg7 33. Qxe4 Re8 34.
Qe6+ Kh8 35. Rf7 Ng8 36. Rxg7 Rxe6 37. Rxg8+ Kxg8 38. Rxe6 Rd8 39. Bxh6 Rd1+
40. Kf2 Ra1 41. a3 bxa3 42. bxa3 Rxa3 43. Rxg6+ Kh7 44. Ra6 Ra2+ 45. Kg3 c4 46.
Bf4 c3 47. Ra7+ Kg6 48. h4 c2 49. h5+ Kf6 50. Rc7 a3 51. h6 Ra1 52. Rxc2 a2 53.
Kg2 Rg1+ 54. Kxg1 a1=Q+ 55. Kg2 Qa5 56. Kf3 Qa8+ 57. Kg3 Qa3+ 58. Kh4 0-1

[Event "Gibtelecom ChallWk2 6th"]
[Site "Gibraltar"]
[Date "2008.01.30"]
[Round "4.4"]
[White "Erdelyi, Tamas"]
[Black "Arnott, Jonathan W"]
[Result "1/2-1/2"]
[WhiteElo "2186"]
[BlackElo "2117"]
[PlyCount "95"]
[EventDate "2008.01.27"]
[EventType "swiss"]
[EventRounds "5"]
[EventCountry "GGB"]
[SourceTitle "BritBase"]
[Source "www.saund.co.uk"]
[SourceDate "2018.02.10"]
[SourceVersion "1"]
[SourceVersionDate "2018.02.10"]
[SourceQuality "1"]

1. Nf3 Nf6 2. c4 c6 3. Qa4 d5 4. cxd5 b5 5. Qd1 cxd5 6. d4 a6 7. a4 b4 8. Bf4
Nc6 9. e3 Qb6 10. Nbd2 Bg4 11. Nb3 e6 12. a5 Qb7 13. Bd3 Be7 14. Qe2 O-O 15.
O-O Nh5 16. Bg3 Nxg3 17. hxg3 e5 18. dxe5 Nxe5 19. Nbd4 Nxd3 20. Qxd3 Bf6 21.
Nd2 Rac8 22. Rfc1 Rxc1+ 23. Rxc1 Rc8 24. Rc2 Bd1 25. Rxc8+ Qxc8 26. Nf1 Bg4 27.
Qd2 Qc4 28. Nh2 Bd7 29. Nhf3 g6 30. Qc2 Qxc2 31. Nxc2 Bxb2 32. Nxb4 Bc8 33.
Nxd5 Bb7 34. Nb6 Bc3 35. Nc4 Kf8 36. Kf1 Bd5 37. Nfd2 Ke7 38. e4 Bc6 39. Ke2
Bb5 40. Kd1 Kd7 41. Kc2 Bd4 42. f3 Bf2 43. g4 Be1 44. Kb3 Ke6 45. f4 f5 46.
gxf5+ gxf5 47. Nf3 Bxc4+ 48. Kxc4 1/2-1/2

[Event "Gibtelecom ChallWk2 6th"]
[Site "Gibraltar"]
[Date "2008.01.30"]
[Round "4.5"]
[White "Fellousi, Abdelaziz"]
[Black "Jap Tjoen San, Linda"]
[Result "1/2-1/2"]
[WhiteElo "2110"]
[BlackElo "2174"]
[PlyCount "79"]
[EventDate "2008.01.27"]
[EventType "swiss"]
[EventRounds "5"]
[EventCountry "GGB"]
[SourceTitle "BritBase"]
[Source "www.saund.co.uk"]
[SourceDate "2018.02.10"]
[SourceVersion "1"]
[SourceVersionDate "2018.02.10"]
[SourceQuality "1"]

1. e4 c5 2. Nf3 e6 3. d4 cxd4 4. Nxd4 a6 5. Nc3 Qc7 6. Bd3 Nf6 7. O-O Bc5 8.
Be3 d6 9. Qe2 O-O 10. f4 Nc6 11. Nb3 Bxe3+ 12. Qxe3 b5 13. a3 Qa7 14. Qxa7 Rxa7
15. h3 b4 16. Ne2 Rc7 17. Ned4 bxa3 18. bxa3 e5 19. Nxc6 Rxc6 20. Rab1 Rc3 21.
fxe5 dxe5 22. a4 Nh5 23. Nd2 Nf4 24. Rb3 Rc5 25. Rb6 Rd8 26. Rf3 h6 27. Nb3 Rc3
28. Na5 Nxd3 29. Rxd3 Rdxd3 30. cxd3 Bd7 31. Nc4 Bxa4 32. Rxa6 Bc2 33. Ra8+ Kh7
34. Nxe5 f6 35. Ng4 Bxd3 36. Nf2 Bc2 37. Re8 Re3 38. g4 Kg6 39. Re7 Ra3 40. Kg2
{... illegible} 1/2-1/2

[Event "Gibtelecom ChallWk2 6th"]
[Site "Gibraltar"]
[Date "2008.01.30"]
[Round "4.6"]
[White "Vea, Odin Blikra"]
[Black "Foisor, Veronica"]
[Result "1/2-1/2"]
[WhiteElo "2168"]
[BlackElo "2043"]
[PlyCount "110"]
[EventDate "2008.01.27"]
[EventType "swiss"]
[EventRounds "5"]
[EventCountry "GGB"]
[SourceTitle "BritBase"]
[Source "www.saund.co.uk"]
[SourceDate "2018.02.10"]
[SourceVersion "1"]
[SourceVersionDate "2018.02.10"]
[SourceQuality "1"]

1. e4 e6 2. d4 d5 3. Nd2 Nf6 4. e5 Nfd7 5. f4 c5 6. c3 b6 7. Ngf3 Ba6 8. Bxa6
Nxa6 9. Qe2 Nc7 10. O-O Be7 11. Rf2 h5 12. g3 c4 13. Nf1 b5 14. a3 g6 15. h3
Nb6 16. g4 hxg4 17. hxg4 Qd7 18. Rh2 O-O-O 19. Be3 Kb7 20. Rc1 Rdg8 21. Rc2 Qd8
22. Qg2 a5 23. Qh1 Qf8 24. Ng3 b4 25. axb4 axb4 26. cxb4 Nb5 27. Rxh8 Rxh8 28.
Rh2 Rxh2 29. Qxh2 Qa8 30. Qh7 Qa1+ 31. Nf1 Qxb2 32. Qxf7 Qxb4 33. Qxe6 c3 34.
f5 gxf5 35. gxf5 c2 36. f6 Bf8 37. Qf7+ Nc7 38. e6 Qa3 39. Bf4 c1=Q 40. Bxc1
Qxf3 41. Qxf8 Qg4+ 42. Kf2 Qxe6 43. Bf4 Qf5 44. Qd6 Ne6 45. Kg3 Qxf6 46. Be5
Qg6+ 47. Kf2 Qf5+ 48. Kg1 Qg4+ 49. Kh1 Nxd4 50. Qe7+ Ka6 51. Qa3+ Kb7 52. Qe7+
Ka6 53. Qa3+ Kb7 54. Qe7+ Kc6 55. Qd6+ Kb5 1/2-1/2

[Event "Gibtelecom ChallWk2 6th"]
[Site "Gibraltar"]
[Date "2008.01.30"]
[Round "4.7"]
[White "Dasaolu, Adeoye"]
[Black "Bigg, Andrew J"]
[Result "0-1"]
[WhiteElo "2064"]
[BlackElo "2231"]
[PlyCount "36"]
[EventDate "2008.01.27"]
[EventType "swiss"]
[EventRounds "5"]
[EventCountry "GGB"]
[SourceTitle "BritBase"]
[Source "www.saund.co.uk"]
[SourceDate "2018.02.10"]
[SourceVersion "1"]
[SourceVersionDate "2018.02.10"]
[SourceQuality "1"]

1. Nf3 e6 2. d4 f5 3. g3 Nf6 4. Bg2 d5 5. c4 c6 6. Qc2 Bd6 7. O-O O-O 8. Bf4
Bxf4 9. gxf4 Nbd7 10. e3 Ne4 11. Nc3 Rf6 12. Ne2 Rh6 13. Ng3 Nf8 14. b4 Ng6 15.
Nxe4 fxe4 16. Ng5 Rh4 17. Bxe4 dxe4 18. Qxe4 Qxg5+ 0-1

[Event "Gibtelecom ChallWk2 6th"]
[Site "Gibraltar"]
[Date "2008.01.30"]
[Round "4.8"]
[White "Schmidt, Ralf"]
[Black "Arvola, Benjamin"]
[Result "0-1"]
[WhiteElo "2195"]
[BlackElo "2062"]
[PlyCount "50"]
[EventDate "2008.01.27"]
[EventType "swiss"]
[EventRounds "5"]
[EventCountry "GGB"]
[SourceTitle "BritBase"]
[Source "www.saund.co.uk"]
[SourceDate "2018.02.10"]
[SourceVersion "1"]
[SourceVersionDate "2018.02.10"]
[SourceQuality "1"]

1. e4 c5 2. Nc3 a6 3. g3 b5 4. Bg2 Bb7 5. d3 Nf6 6. f4 d6 7. g4 b4 8. Nb1 e6 9.
g5 Nfd7 10. h4 h5 11. Ne2 g6 12. O-O Nc6 13. c3 Ne7 14. Be3 Bg7 15. Nd2 f5 16.
Qb3 d5 17. cxb4 Rb8 18. e5 Bc6 19. Qa3 cxb4 20. Qxa6 Ra8 21. Ba7 Qc7 22. Nd4
Rxa7 23. Nxe6 Qb8 24. Nxg7+ Kf7 25. Bxd5+ Kxg7 0-1